Els orígens del nou poble de Matadepera : 1768-1868 / Manel Ametller i Bassets amb la col·laboració especial del Dr. Josep M. Martí i Bonet 1768-1868 / Manel Ametller i Bassets amb la col·laboració especial del Dr. Josep M. Martí i Bonet
ISBN:
84-605-5944-0
Descripción Física:
373 p. : il., mapes, quadres, retrats ; 25 cm
Otros Autores:
Martí i Bonet, Josep M.
Materias:
Matadepera -- Història local
MARC
| LEADER | 00000nam a2200000Ia 4500 | ||
|---|---|---|---|
| 001 | 17155 | ||
| 008 | 160829s1997 xx 000 0 cat d | ||
| 020 | |a 84-605-5944-0 (cart.) | ||
| 080 | |a H-2-307 | ||
| 100 | |a Ametller i Bassets, Manel |9 22295 | ||
| 245 | |a Els orígens del nou poble de Matadepera : |b 1768-1868 / Manel Ametller i Bassets amb la col·laboració especial del Dr. Josep M. Martí i Bonet | ||
| 260 | |a Matedepera : |b Parròquia Sant Joan, |c 1997 | ||
| 300 | |a 373 p. : |b il., mapes, quadres, retrats ; |c 25 cm | ||
| 650 | |a Matadepera |x Història local |9 22296 | ||
| 700 | |a Martí i Bonet, Josep M. |9 21015 | ||
| 901 | |a Arxiu | ||
| 942 | |n 1 | ||
| 952 | |0 0 |1 0 |4 0 |6 H2307 |7 1 |9 42161 |a Arxiu |b Arxiu |d 2016-12-01 |l 0 |o H-2-307 |p 17155 |r 2016-12-01 00:00:00 |w 2016-12-01 |y ARXIU | ||
| 999 | |c 44608 |d 44608 | ||